| 000 | 00673nam a22002297a 4500 | ||
|---|---|---|---|
| 999 |
_c10821 _d10821 |
||
| 001 | 10821 | ||
| 003 | BD-JhCC | ||
| 005 | 20221213134024.0 | ||
| 008 | 190513b2012 bg |||| ||a| 000 0 ben d | ||
| 020 | _a9789845020411 | ||
| 035 | _a(BD-JhCC)10821 | ||
| 040 |
_aBD-JhCC _dBD-JhCC |
||
| 041 | _aben | ||
| 082 |
_a891.443 _bAHM 2012 |
||
| 100 | _aআহমেদ, হুমায়ূন । | ||
| 245 |
_aমেঘের ওপর বাড়ি / _bহুমায়ূন আহমেদ |
||
| 260 |
_aঢাকা , _bঅন্যপ্রকাশ; _c2012. |
||
| 300 |
_a95 p. : _c22 cm. |
||
| 650 | _aBengli Novel . | ||
| 942 |
_2ddc _cBK _017 |
||